<?xml version="1.0" encoding="UTF-8"?>
<record
    xmlns:xsi="http://www.w3.org/2001/XMLSchema-instance"
    xsi:schemaLocation="http://www.loc.gov/MARC21/slim http://www.loc.gov/standards/marcxml/schema/MARC21slim.xsd"
    xmlns="http://www.loc.gov/MARC21/slim">

  <leader>03314nam a2200313 i 4500</leader>
  <controlfield tag="003">vecauma</controlfield>
  <controlfield tag="005">20250912120641.0</controlfield>
  <controlfield tag="007">ta</controlfield>
  <controlfield tag="008">250905t1971    ag |||||r|||| 00| 0 spa d</controlfield>
  <datafield tag="040" ind1=" " ind2=" ">
    <subfield code="a">vecauma</subfield>
    <subfield code="b">spa</subfield>
    <subfield code="c">vecauma</subfield>
    <subfield code="d">vecauma</subfield>
    <subfield code="e">rda</subfield>
  </datafield>
  <datafield tag="041" ind1="1" ind2=" ">
    <subfield code="a">spa</subfield>
    <subfield code="h">fre</subfield>
  </datafield>
  <datafield tag="099" ind1=" " ind2=" ">
    <subfield code="a">HN58 </subfield>
    <subfield code="b">R48</subfield>
  </datafield>
  <datafield tag="100" ind1="1" ind2=" ">
    <subfield code="a">Revel, Jean-Fran&#xE7;ois,</subfield>
    <subfield code="d">1924-2006</subfield>
    <subfield code="e">autor</subfield>
    <subfield code="9">5524</subfield>
  </datafield>
  <datafield tag="245" ind1="1" ind2="0">
    <subfield code="a">Ni Marx ni Jes&#xFA;s :</subfield>
    <subfield code="b">de la segunda revoluci&#xF3;n americana a la segunda revoluci&#xF3;n mundial /</subfield>
    <subfield code="c">Jean-Fran&#xE7;ois Revel </subfield>
  </datafield>
  <datafield tag="264" ind1=" " ind2="1">
    <subfield code="a">Buenos Aires, Argentina :</subfield>
    <subfield code="b">Emec&#xE9;,</subfield>
    <subfield code="c">1971.</subfield>
  </datafield>
  <datafield tag="264" ind1=" " ind2="4">
    <subfield code="c">&#xA9;1971.</subfield>
  </datafield>
  <datafield tag="300" ind1=" " ind2="1">
    <subfield code="a">223 p&#xE1;ginas. </subfield>
  </datafield>
  <datafield tag="336" ind1=" " ind2=" ">
    <subfield code="a">texto</subfield>
    <subfield code="b">txt</subfield>
    <subfield code="2">rdacontenido</subfield>
  </datafield>
  <datafield tag="337" ind1=" " ind2=" ">
    <subfield code="a">no mediado</subfield>
    <subfield code="b">n</subfield>
    <subfield code="2">rdamedio</subfield>
  </datafield>
  <datafield tag="338" ind1=" " ind2=" ">
    <subfield code="a">volumen</subfield>
    <subfield code="b">nc</subfield>
    <subfield code="2">rdasoporte</subfield>
  </datafield>
  <datafield tag="504" ind1=" " ind2=" ">
    <subfield code="a">Incluye referencias bibliogr&#xE1;ficas.</subfield>
  </datafield>
  <datafield tag="505" ind1="0" ind2=" ">
    <subfield code="a">La segunda revoluci&#xF3;n norteamericana. -- Las cinco condiciones de una revoluci&#xF3;n. -- No hubo revoluci&#xF3;n en los pa&#xED;ses comunistas. -- No habr&#xE1; revoluci&#xF3;n en Europa occidental. -- Un ejemplo de revoluci&#xF3;n imposible. -- No habr&#xE1; revoluci&#xF3;n en el Tercer Mundo. --
De la primera a la segunda revoluci&#xF3;n mundial. -- El terror bilimenarista y el fin de la "pol&#xED;tica exterior". -- Se puede ir de la libertad al socialismo, no del socialismo a la libertad. -- Violencia y revoluci&#xF3;n. -- El antinorteamericano y la revoluci&#xF3;n norteamericana. -- Una nueva din&#xE1;mica revolucionaria. -- La informaci&#xF3;n-Revoluci&#xF3;n. -- Los Estados Unidos, detonante revolucionario. -- Derechos y medios. -- Ni Marx ni Jes&#xFA;s. 
</subfield>
  </datafield>
  <datafield tag="520" ind1="3" ind2=" ">
    <subfield code="a">La revoluci&#xF3;n de la segunda mitad del siglo XX se producir&#xE1; en los Estados Unidos: en verdad, ya ha comenzado a desarrollarse all&#xED;. Esta afirmaci&#xF3;n escandalizar&#xE1; en Europa y el Tercer Mundo a los esp&#xED;ritus acostumbrados a considerar a los Estados Unidos como el pa&#xED;s conservador por excelencia. Sin embargo, es en Am&#xE9;rica del Norte donde se invent&#xF3; el nuevo m&#xE9;todo revolucionario llamado contestaci&#xF3;n; es en Am&#xE9;rica del Norte donde, por primera vez en la historia, una masa poderosa ha protestado contra el imperialismo de su propio Gobierno, y donde ha comenzado la revuelta de los j&#xF3;venes, el combate por la igualdad real de los sexos, el repudio de toda represi&#xF3;n moral e, inclusive, a trav&#xE9;s del sufrimiento, la invenci&#xF3;n de una sociedad multirracial y de un policentrismo cultural. Am&#xE9;rica del Norte est&#xE1; en v&#xED;as de crear un modelo revolucionario para los dem&#xE1;s pa&#xED;ses, el primer modelo en mucho tiempo, dentro de las sociedades desarrolladas, que no sea la copia de una revoluci&#xF3;n anterior. Hacia 1780, Francia era la naci&#xF3;n m&#xE1;s reaccionaria y, a la vez, m&#xE1;s revolucionaria de Europa civilizada, esto es, el pa&#xED;s donde en conflicto interno de la sociedad se situaba en el nivel m&#xE1;s creador y tornaba ineluctable y provechoso un enfrentamiento. Hoy, Am&#xE9;rica del Norte, mal que le pese a los adversarios de derecha y de izquierda, es el reservorio donde vuelven a convivir todos los conflictos y todas las posibilidades revolucionarias de nuestra &#xE9;poca. </subfield>
  </datafield>
  <datafield tag="534" ind1=" " ind2=" ">
    <subfield code="p">T&#xED;tulo original:</subfield>
    <subfield code="t">Ni Marx, ni J&#xE9;sus : de la second r&#xE9;volution am&#xE9;ricaine &#xE0; la seconde r&#xE9;volution mondiale.</subfield>
  </datafield>
  <datafield tag="650" ind1="1" ind2="0">
    <subfield code="9">2706</subfield>
    <subfield code="a">HISTORIA SOCIAL</subfield>
    <subfield code="y">1945-</subfield>
  </datafield>
  <datafield tag="651" ind1=" " ind2="0">
    <subfield code="9">3929</subfield>
    <subfield code="a">ESTADOS UNIDOS</subfield>
    <subfield code="x">CONDICIONES SOCIALES</subfield>
    <subfield code="y">1945-</subfield>
  </datafield>
  <datafield tag="942" ind1=" " ind2=" ">
    <subfield code="2">lcc</subfield>
    <subfield code="n">0</subfield>
    <subfield code="c">BK</subfield>
  </datafield>
  <datafield tag="999" ind1=" " ind2=" ">
    <subfield code="c">12284</subfield>
    <subfield code="d">12284</subfield>
  </datafield>
  <datafield tag="952" ind1=" " ind2=" ">
    <subfield code="0">0</subfield>
    <subfield code="1">0</subfield>
    <subfield code="2">lcc</subfield>
    <subfield code="4">0</subfield>
    <subfield code="7">0</subfield>
    <subfield code="8">CG</subfield>
    <subfield code="a">BUMA</subfield>
    <subfield code="b">BUMA</subfield>
    <subfield code="c">GEN</subfield>
    <subfield code="d">2025-09-05</subfield>
    <subfield code="i">D14729</subfield>
    <subfield code="l">0</subfield>
    <subfield code="o">HN58 R48</subfield>
    <subfield code="p">00006234</subfield>
    <subfield code="r">2025-09-05</subfield>
    <subfield code="w">2025-09-05</subfield>
    <subfield code="y">BK</subfield>
  </datafield>
</record>
